MARC

LEADER 00000nam0a2200000 4500
001 328469
005 20231102004050.0
035 |a (RuTPU)RU\TPU\book\354169 
090 |a 328469 
100 |a 20170217d1973 km y0rusy50 ca 
101 1 |a rus  |c eng 
102 |a RU 
105 |a a z 000zy 
200 1 |a Электрохимическая обработка  |d Electrochemical machining  |e пер. с англ.  |f А. Е. Де Барр, Д. А. Оливер 
210 |a Москва  |c Машиностроение  |d 1973 
215 |a 183 с.  |c ил. 
510 1 |a Electrochemical machining  |z eng 
606 1 |a Металлообработка электрохимическая  |x Технология  |2 stltpush  |3 (RuTPU)RU\TPU\subj\72718  |9 86122 
610 1 |a электролитические методы 
610 1 |a зазоры 
610 1 |a электрохимия 
610 1 |a электролиты 
610 1 |a растворы 
610 1 |a переработка 
610 1 |a потоки 
610 1 |a конструкции 
610 1 |a инструменты 
610 1 |a источники питания 
610 1 |a применение 
610 1 |a терминология 
610 1 |a удельная проводимость 
610 1 |a скорость 
610 1 |a коррозия 
675 |a 621.7.047  |v 4 
700 1 |a Де Барр  |b А. Е. 
701 1 |a Оливер  |b Д. А. 
801 1 |a RU  |b 63413507  |c 20170217 
801 2 |a RU  |b 63413507  |c 20170222  |g RCR 
942 |c BK